| 000 | 00988nas a2200313 4500 | ||
|---|---|---|---|
| 001 | BR8803197 | ||
| 003 | BR-BrBNA | ||
| 005 | 20231205091147.0 | ||
| 007 | ta | ||
| 008 | 230509b bl.|||p| |||| 00| 00por d | ||
| 040 |
_aBR-BrBNA _bpor _cBiblioteca Nacional de Agricultura |
||
| 041 | _a(Pt) | ||
| 072 | _aL73 | ||
| 100 | 1 | _aLarsson, M.H.M.A. | |
| 100 | 1 | _aIwasaki, M. | |
| 100 | 1 | _aFernandes Filho, A. | |
| 100 | 1 | _aD'errico, A.A. | |
| 100 | 1 | _aOgassawara, S. | |
| 100 | 1 | _aDutra, L.F. | |
| 245 | 1 | _aContribuicao ao diagnostico clinico da dirofilariose canina | |
| 246 | 1 | _a[Contribution to the clinical diagnosis of canine filariasis] | |
| 650 | _aCAO | ||
| 650 | _aDIROFILARIOSE | ||
| 650 | _aNEMATOIDE | ||
| 650 | _aDIAGNOSTICO | ||
| 773 | 0 |
_tRevista da Faculdade de Medicina Veterinaria e Zootecnia da Universidade de Sao Paulo (Brazil) _xISSN 0303-7525 _g(1987), v. 24(1) p. 47-59 _wBR8803197 |
|
| 909 |
_a202311 _bLúcia _c55 _dLúcia Elande |
||
| 942 |
_2AGRIS _n0 _cANA |
||
| 999 |
_c123225 _d123225 |
||